000 03070nab a2200277 a 4500
005 20250313112015.0
007 ta
008 250313e2024 dr jn|p|rl|||||0| ||spa d
022 _a2518-4865
040 _aDO-SdBNP
_cBNPHU
_erda
041 _hspa
100 _aMejía Taveras, Samuel
_987191
_eautor
245 _aInteligencia artificial en el ámbito electoral /
_cSamuel Mejía Taveras.
264 _aSanto Domingo, República Dominicana :
_bTribunal Superior Electoral,
_c2024.
300 _apáginas 66-73 :
_bilustraciones, fotografías,
_c28 cm.
310 _aTres veces al año.
_bRevista Justicia Electoral 2016.
336 _atexto
_btxt
_2rdacontent
337 _asin mediación
_bn
_2rdamedia
338 _avolumen
_bnc
_2rdacarrier
362 _aEdición No. 2. (Marzo-Agosto 2023).
521 _aLa utilización de la IA excede el campo del entretenimiento; por ejemplo, el sector bancario. No es ocioso que la Superintendencia de Bancos de la República Dominicana confirme que el 34% de las Entidades de Intermediación Financieras utilizan IA, asistiendo en el análisis de grandes cantidades de datos, posibilitando la detección de patrones sospechosos de actividad, como las transacciones inusuales o compras que se desvían del patrón habitual de un usuario2. Por demás, puede automatizar tareas repetitivas, lo que según la misma entidad estatal “[...] ha permitido que los empleados se concentren en tareas más complejas y de mayor valor”3 y “[...] minimiza los errores derivados de la intervención manual, mejorando así el desempeño general, lo que se traduce en un servicio más ágil y preciso para los clientes. Por consiguiente, entre tantas virtudes y retos que trae la IA, solo nos queda decir —con la salvedad de que este texto es una gota dentro del mar de escenarios que se puede plantear sobre la problemática— que los Estados deben estar orientados — como ya se ha previsto en ciertas partes del mundo— a regular y utilizar la IA para mejorar los servicios que le ofrece la ciudadanía y para proteger a la misma del uso indebido de estas. En consecuencia, coincidimos que la IA, utilizada con extrema precaución, es un aliado para el fortalecimiento de la democracia, especialmente donde se tenga que utilizar fuego contra fuego. Sin embargo, así como las vacunas deben estar vinculadas a un férreo mecanismo de control para su utilización, por igual, en el plano informático, estas tecnologías deben ser reguladas por normas, prácticas y órganos del Estado dotados de la capacidad jurídica, técnica, funcionarial y presupuestaria para poder utilizarla y enfrentarlas a la vanguardia de las circunstancias.
650 0 _aInteligencia artificial
_96152
_vPublicación periódica
_xDerecho
_zRepública Dominicana
773 0 _057766
_9321465
_aTribunal Superior Electoral
_dSanto Domingo, República Dominicana : Tribunal Superior Electoral, 2023.
_o2025-1794
_tJusticia electoral /
856 _ahttps://tse.do/wp-content/uploads/2024/11/Revista-Justicia-Electoral-4.pdf
942 _2ddc
_cISSUE
999 _c58417
_d58417